La valoracin̤ racional de la prueba

Bibliographic Details
Main Author: Ferrer Beltrǹ, Jordi
Format: eBook
Language:Spanish
Published: Madrid: Marcial Pons, 2007
Subjects:
Online Access:Acceso restringido

MARC

LEADER 00000nam a22000007a 4500
005 20181116224842.0
007 cr|||| ||||
008 181116s2007 es |||||s|||| 00||0 spa d
020 |a 978-84-9123-603-0 
035 |a 22462 
040 |a vLex 
090 |c 8307  |d 8307 
100 1 |a Ferrer Beltrǹ, Jordi 
245 1 2 |a La valoracin̤ racional de la prueba  |h [Recurso electrn̤ico] /  |c Jordi Ferrer Beltrǹ 
256 |a Servicio en ln̕ea 
260 |a Madrid:  |b Marcial Pons,  |c 2007 
300 |a 1 recurso electrn̤ico 
506 1 |a Disponible solo en los productos indicados  |d vLex Global  |d vLex Global (Academic Edition, excluding Law Schools)  |d vLex Global (U.S. Academic Edition, Law Schools)  |d vLex Global (U.S. Academic Edition, excluding Law Schools)  |d vLex Global (Academic Edition, Law Schools) 
650 0 4 |a Derecho Penal  |z Espaą 
740 0 |a vLex Libros (Servicio en ln̕ea) 
856 4 0 |u http://vlex.com/source/valoracion-racional-prueba-22462  |z Acceso restringido 
942 |c BOOK 
999 0 |a Criminal law